Entry Nombre personal
001 - NÚMERO DE CONTROL
- campo de control: 176477
003 - IDENTIFICADOR DE NÚMERO DE CONTROL
- campo de control: SpMaBN
005 - FECHA Y HORA DE LA ÚLTIMA TRANSACCIÓN
- campo de control: 20231121210414.0
008 - ELEMENTOS DE DATO DE LONGITUD-FIJA
- campo de control de longitud fija: 140423n|#azznnaabn |n aaa
010 ## - NÚMERO DE CONTROL DE LA BIBLIOTECA DEL CONGRESO
- Número de control de LC: XX5384337
024 7# - IDENTIFICADOR DE OTROS ESTÁNDARES
- Número estándar o código: https://isni.org/isni/0000000434298749
- Fuente: isni
024 7# - IDENTIFICADOR DE OTROS ESTÁNDARES
- Número estándar o código: http://viaf.org/viaf/308703213/
- Fuente: viaf
040 ## - FUENTE DE CATALOGACIÓN
- Centro catalogador/agencia de origen: SpMaBN
- Lengua de catalogación: spa
- Centro/agencia transcriptor: SpMaBN
- Normas de descripción: rdc
- Convención/Normas de encabezamiento de materia/tesauro: embne
046 ## - FECHAS CON CODIFICACIÓN ESPECIAL
- Fecha de nacimiento: 1968
100 1# - ENCABEZAMIENTO-NOMBRE DE PERSONA
- Nombre de persona: Garris Mozota, Jorge,
- Fechas asociadas al nombre: 1968-
370 ## - LUGAR ASOCIADO
- Lugar de nacimiento: España, Aragón, Zaragoza (Provincia), Zaragoza
373 ## - GRUPO ASOCIADO
- Grupo asociado: Ateneo de Madrid
- Período de inicio: 2021
- Fuente de información: Censo mensual de socios 2023
374 ## - OCUPACIÓN
- Ocupación: Historiadores
- Ocupación: Sociólogos
- Ocupación: Profesores
375 ## - GÉNERO/SEXO
- Género: Masculino
377 ## - IDIOMA ASOCIADO
- Término de lengua/lenguaje: Español
400 1# - TRAZADO DE VÉASE--NOMBRE DE PERSONA
- Nombre de persona: Garris, Jorge,
- Fechas asociadas al nombre: 1968-
670 ## - FUENTE DE DATOS ENCONTRADOS
- Cita de la fuente: Los rumanos en España, 2014
- Información encontrada: port. (Jorge Garris Mozota) solapa (n. 1968 en Zaragoza; doctor en Historia y lic. en Ciencias Políticas y Sociología y docente)
670 ## - FUENTE DE DATOS ENCONTRADOS
- Cita de la fuente: Geopolítica de las migraciones internacionales, 2020
- Información encontrada: portada (Jorge Garris) solapa (Jorge Garris Mozota)
678 ## - DATOS BIOGRÁFICOS O HISTÓRICOS
- Datos biográficos o históricos: Socio del Ateneo de Madrid n. 33452, ingresó el 8/4/2021
- Ampliación de la nota: Fuente: Censo mensual de socios 2023
